000 00964 a2200313 4500
005 20251119093549.0
008 251119b |||||||| |||| 00| 0 eng d
041 _aFr
044 _aCIV
090 _bDG/N/3094
100 _aKONAN, Adjoua Marie
110 _aCentre National de Recherche Agronomique
110 _bCote d'Ivoire
245 _aIdentification et geolocalisation des facteurs de degradation de dispositif forestier : cas du jardin botanique d'Adiopodoume
_b(Memoire de fin de stage specialite, Sciences Naturelles)
260 _aMan
260 _bCNRA
260 _bUniversite de Man
260 _c2025
302 _a33 p.
388 _a2025-11-19
650 _2AGROVOC
_gIdentification
650 _gJardin botanique
650 _gGeolocalisation
650 _gFacteur
650 _gDegradation
650 _gDispositif
650 _gForestier
856 _uhttps://ftech.byethost7.com/wp-content/uploads/2025/11/DGN3094-1.pdf
999 _c5990
_d5990